000 00698nas a2200229 4500
001 BR2015004890
003 BR-BrBNA
005 20231205125647.0
007 ta
008 230509b bl.|||p| |||| 00| 00por d
040 _aBR-BrBNA
_bpor
_cBiblioteca Nacional de Agricultura
041 _a(Pt)
072 _aL10; J15
100 1 _aPorto, A.J.
245 1 _aAvaliação da heterose em cruzamentos do bicho-da-seda (Bombyx mori L.)
650 _aBICHO DA SEDA
650 _aCASULO
650 _aVIGOR HIBRIDO
773 0 _tBoletim de Indústria Animal (Brazil)
_xISSN 0067-9615
_g(2004), v. 61(2) p. 155-160
_wBR2015004890
909 _a202311
_bLúcia
_c55
_dLúcia Elande
942 _2AGRIS
_n0
_cANA
999 _c245438
_d245438